[Event "Nordrhein Westfalen-ch Seniors 13th"]
[White "Pooth, Richard"]
[Black "Soelter, Reinhold"]
[Site "Bad Salzuflen"]
[Round "2"]
[Result "0-1"]
[Date "2002.06.09"]
[WhiteElo "1877"]
[BlackElo "2075"]
[PlyCount "146"]
[EventDate "2002.06.??"]
[EventType "swiss"]
[EventRounds "9"]
[EventCountry "GER"]
[SourceTitle "EXT 2006"]
[Source "ChessBase"]
[SourceDate "2005.11.24"]
[SourceVersion "1"]
[SourceVersionDate "2005.11.24"]
[SourceQuality "1"]

1. d4 Nf6 2. c4 e6 3. Nc3 Bb4 4. Qc2 c5 5. e3 Nc6 6. Nf3 0-0 7. Bd3 d5 8. 0-0 dxc4 9. Bxc4 cxd4 10. exd4 Nxd4 11. Nxd4 Qxd4 12. Nb5 Qh4 13. g3 Qh3 14. Be2 Bd7 15. Qc4 Bc6 16. f3 Be7 17. Rf2 e5 18. Bf1 Qh5 19. g4 Qh4 20. g5 Qxc4 21. Bxc4 Nh5 22. Kg2 e4 23. Nd4 exf3+ 24. Nxf3 Rac8 25. Bb3 Bc5 26. Re2 Rfe8 27. Bc4 Re4 28. Rxe4 Bxe4 29. Bd2 Rd8 30. Bc3 Nf4+ 31. Kg3 Ne6 32. h4 Bd6+ 33. Kf2 Rc8 34. Be2 Nc5 35. Rd1 Bc2 36. Rd4 Bf8 37. Ne5 Ne4+ 38. Kf1 Nxc3 39. bxc3 f6 40. gxf6 gxf6 41. Nd7 Be7 42. c4 a6 43. Rd2 Bg6 44. h5 Bf7 45. Rd4 Rd8 46. Bg4 Kg7 47. Re4 Bf8 48. a4 f5 49. Bxf5 Bxh5 50. Rh4 Bg6 51. Rg4 Bd6 52. c5 Be7 53. Kg2 Bf6 54. Kf3 Re8 55. Be4 Bc3 56. Bxb7 Re7 57. c6 Ba5 58. Rg5 Bc7 59. a5 Kh6 60. Rg1 Rf7+ 61. Ke3 Rf5 62. Ra1 Rxa5 63. Rf1 Kg7 64. Rf8 Bd6 65. Rc8 Ra3+ 66. Kf2 Bg3+ 67. Kg2 Be4+ 68. Kh3 Bd6+ 69. Kg4 Rg3+ 70. Kh5 Bd5 71. Kh4 Be6 72. Kh5 Rh3+ 73. Kg5 h6# 0-1

[Event "Nordrhein Westfalen-ch Seniors 13th"]
[White "Soelter, Reinhold"]
[Black "Preiss, Lore"]
[Site "Bad Salzuflen"]
[Round "1"]
[Result "1-0"]
[Date "2002.06.08"]
[WhiteElo "2075"]
[BlackElo "1622"]
[PlyCount "61"]
[EventDate "2002.06.??"]
[EventType "swiss"]
[EventRounds "9"]
[EventCountry "GER"]
[SourceTitle "EXT 2006"]
[Source "ChessBase"]
[SourceDate "2005.11.24"]
[SourceVersion "1"]
[SourceVersionDate "2005.11.24"]
[SourceQuality "1"]

1. e4 c5 2. Nf3 d6 3. d4 cxd4 4. Nxd4 Nf6 5. Nc3 Nc6 6. Bc4 e6 7. Be3 Be7 8. Bb3 0-0 9. f4 a6 10. 0-0 Na5 11. Qe2 Bd7 12. Kh1 Rc8 13. Rad1 Qc7 14. Bc1 b5 15. e5 Ne8 16. exd6 Nxd6 17. f5 Nxb3 18. axb3 b4 19. fxe6 bxc3 20. exd7 Qxd7 21. bxc3 Rfe8 22. Nf5 Bf8 23. Qg4 Qc6 24. Rxd6 Qxc3 25. Nh6+ Kh8 26. Nxf7+ Kg8 27. Rdd1 Qxc2 28. Ng5 Re2 29. Qf3 Re7 30. Qd5+ Kh8 31. Nf7+ 1-0

[Event "Lipperland Seniors op 1st"]
[White "Soelter, Reinhold"]
[Black "Schulz, Hermann"]
[Site "Doerentrup"]
[Round "9"]
[Result "1-0"]
[Date "2002.06.01"]
[WhiteElo "2075"]
[BlackElo "1730"]
[PlyCount "57"]
[EventDate "2002.05.??"]
[EventType "swiss"]
[EventRounds "9"]
[EventCountry "GER"]
[SourceTitle "EXT 2006"]
[Source "ChessBase"]
[SourceDate "2005.11.24"]
[SourceVersion "1"]
[SourceVersionDate "2005.11.24"]
[SourceQuality "1"]

1. e4 c5 2. Nf3 d6 3. d4 cxd4 4. Nxd4 Nf6 5. Nc3 a6 6. Be3 g6 7. Qd2 Bg7 8. f3 0-0 9. Bh6 Bd7 10. 0-0-0 Nc6 11. Bxg7 Kxg7 12. g4 Rc8 13. h4 Qa5 14. Nb3 Qc7 15. h5 Rh8 16. h6+ Kf8 17. g5 Nh5 18. Nc5 Be6 19. Nxe6+ fxe6 20. Bh3 Kf7 21. Bg4 Rhf8 22. f4 b5 23. f5 exf5 24. exf5 Ne5 25. fxg6+ hxg6 26. Bxc8 Qxc8 27. Qd5+ Ke8 28. h7 Kd7 29. Qxe5 1-0

[Event "Lipperland Seniors op 1st"]
[White "Bilo, Heinrich"]
[Black "Soelter, Reinhold"]
[Site "Doerentrup"]
[Round "8"]
[Result "1-0"]
[Date "2002.05.31"]
[WhiteElo "2012"]
[BlackElo "2075"]
[PlyCount "151"]
[EventDate "2002.05.??"]
[EventType "swiss"]
[EventRounds "9"]
[EventCountry "GER"]
[SourceTitle "EXT 2006"]
[Source "ChessBase"]
[SourceDate "2005.11.24"]
[SourceVersion "1"]
[SourceVersionDate "2005.11.24"]
[SourceQuality "1"]

1. c4 c5 2. Nf3 e6 3. d4 cxd4 4. Nxd4 a6 5. g3 Qc7 6. b3 Nf6 7. Bg2 Bb4+ 8. Bd2 Bc5 9. Nf3 Ne4 10. 0-0 Nxd2 11. Nbxd2 0-0 12. Ne4 Be7 13. Rc1 f5 14. Nc3 b6 15. Nd4 Nc6 16. Nd5 exd5 17. cxd5 Ba3 18. Rc2 Kh8 19. dxc6 d6 20. Bd5 Rf6 21. e3 f4 22. exf4 Bh3 23. Bg2 Bxg2 24. Kxg2 Bc5 25. Re1 Rh6 26. Qe2 Qc8 27. Nf3 a5 28. h4 Qxc6 29. Qe4 d5 30. Qd3 d4 31. Rce2 Rf6 32. Kg1 Raf8 33. Ng5 g6 34. Re4 Qd7 35. Ne6 Rc8 36. R1e2 h6 37. a3 Bxa3 38. Rxd4 Rc1+ 39. Kh2 Qc6 40. Rd8+ Kh7 41. Qd7+ Qxd7 42. Rxd7+ Kg8 43. Rg7+ Kh8 44. Rb7 Rc8 45. Rxb6 Re8 46. Kg2 Kg8 47. Nd4 Rxb6 48. Rxe8+ Kf7 49. Ra8 Bb2 50. Ra7+ Kf6 51. Ne2 Rb5 52. Ra6+ Kf7 53. Kf1 Bf6 54. Ke1 Be7 55. Nd4 Bb4+ 56. Ke2 Rd5 57. Nf3 Bc3 58. Rb6 Kg7 59. Ke3 Bb4 60. Ke4 Rd1 61. Ne5 Rb1 62. Rxg6+ Kh7 63. h5 Rxb3 64. Ng4 Bc3 65. Rxh6+ Kg7 66. Rg6+ Kf7 67. Ne5+ Kf8 68. h6 Rb7 69. g4 Ra7 70. Rc6 Bxe5 71. fxe5 Kg8 72. g5 Kh7 73. Rd6 a4 74. e6 Kg6 75. e7+ Kf7 76. Re6 1-0

[Event "Lipperland Seniors op 1st"]
[White "Soelter, Reinhold"]
[Black "Rodemann, Edmund"]
[Site "Doerentrup"]
[Round "5"]
[Result "1-0"]
[Date "2002.05.29"]
[WhiteElo "2075"]
[BlackElo "1872"]
[PlyCount "35"]
[EventDate "2002.05.??"]
[EventType "swiss"]
[EventRounds "9"]
[EventCountry "GER"]
[SourceTitle "EXT 2006"]
[Source "ChessBase"]
[SourceDate "2005.11.24"]
[SourceVersion "1"]
[SourceVersionDate "2005.11.24"]
[SourceQuality "1"]

1. c4 f5 2. g3 Nf6 3. Bg2 d6 4. d4 g6 5. Nc3 Bg7 6. Nf3 0-0 7. 0-0 Qe8 8. Nd5 Nxd5 9. cxd5 c6 10. Qb3 cxd5 11. Qxd5+ Kh8 12. Bd2 Qd7 13. Bf4 Nc6 14. Rfd1 Rd8 15. Ng5 e6 16. Qxd6 Qe8 17. Bxc6 bxc6 18. Qxd8 1-0

[Event "Lipperland Seniors op 1st"]
[White "Tochtermann, Georg"]
[Black "Soelter, Reinhold"]
[Site "Doerentrup"]
[Round "4"]
[Result "1/2-1/2"]
[Date "2002.05.27"]
[WhiteElo "1822"]
[BlackElo "2075"]
[PlyCount "37"]
[EventDate "2002.05.??"]
[EventType "swiss"]
[EventRounds "9"]
[EventCountry "GER"]
[SourceTitle "EXT 2006"]
[Source "ChessBase"]
[SourceDate "2005.11.24"]
[SourceVersion "1"]
[SourceVersionDate "2005.11.24"]
[SourceQuality "1"]

1. Nf3 d5 2. d4 Nf6 3. g3 c5 4. Bg2 cxd4 5. 0-0 e6 6. Nxd4 Nc6 7. Nxc6 bxc6 8. c4 Be7 9. cxd5 cxd5 10. b3 0-0 11. Ba3 Bxa3 12. Nxa3 a5 13. Qd2 Ba6 14. Rfc1 Qb6 15. e3 h5 16. Nc2 h4 17. Qd4 Qxd4 18. Nxd4 hxg3 19. hxg3 1/2-1/2

[Event "OWL-ch"]
[White "Hanhoerster, Stephan"]
[Black "Soelter, Reinhold"]
[Site "Lieme"]
[Round "6"]
[Result "1-0"]
[Date "2002.??.??"]
[WhiteElo "2020"]
[BlackElo "2061"]
[PlyCount "67"]
[EventDate "2002.04.03"]
[EventType "tourn"]
[EventRounds "7"]
[EventCountry "GER"]
[SourceTitle "EXT 2022"]
[Source "ChessBase"]
[SourceDate "2021.10.06"]
[SourceVersion "1"]
[SourceVersionDate "2021.10.06"]
[SourceQuality "1"]

1. Nf3 b6 2. e4 Bb7 3. Nc3 e6 4. d4 Bb4 5. Bd3 Nf6 6. Qe2 d5 7. exd5 Nxd5 8. Bd2 Be7 9. 0-0 Nb4 10. Be4 Bxe4 11. Nxe4 0-0 12. Bxb4 Bxb4 13. Rfd1 Nd7 14. c4 Qe7 15. c5 bxc5 16. a3 Ba5 17. dxc5 c6 18. Qa6 Bc7 19. Qb7 Nxc5 20. Nxc5 Rab8 21. Qxc6 Rfc8 22. Rd7 Qe8 23. Qe4 Bb6 24. Ng5 f5 25. Qxe6+ Kh8 26. Nf7+ Kg8 27. Re7 Qxe7 28. Qxe7 Bxc5 29. Nd6 Rf8 30. Qe6+ Kh8 31. Nf7+ Kg8 32. Nh6+ Kh8 33. Qg8+ Rxg8 34. Nf7# 1-0

[Event "OWL-ch"]
[White "Ruerup, Hans Heinz"]
[Black "Soelter, Reinhold"]
[Site "Lieme"]
[Round "3"]
[Result "0-1"]
[Date "2002.??.??"]
[WhiteElo "1894"]
[BlackElo "2061"]
[PlyCount "69"]
[EventDate "2002.04.03"]
[EventType "tourn"]
[EventRounds "7"]
[EventCountry "GER"]
[SourceTitle "EXT 2022"]
[Source "ChessBase"]
[SourceDate "2021.10.06"]
[SourceVersion "1"]
[SourceVersionDate "2021.10.06"]
[SourceQuality "1"]

1. e4 e5 2. Nf3 Nc6 3. Bc4 Nf6 4. d3 Be7 5. 0-0 0-0 6. Re1 d6 7. a4 Bg4 8. c3 Qd7 9. Nbd2 a6 10. Nf1 Be6 11. Ne3 Bxc4 12. Nxc4 Rfe8 13. a5 h6 14. Nh4 Bf8 15. Nf5 Ne7 16. Nxe7+ Qxe7 17. Be3 g6 18. f3 Bg7 19. Qb3 c6 20. Qb4 Rad8 21. Bb6 Rd7 22. d4 exd4 23. Bxd4 Bf8 24. Rad1 Nh5 25. Be3 Qe6 26. Qa4 Kh7 27. Rd3 f5 28. exf5 Qxf5 29. Red1 Nf6 30. Bf2 Nd5 31. Nb6 Nxb6 32. Bxb6 Re2 33. R3d2 Rde7 34. Qh4 Rxd2 35. Rxd2 0-1

[Event "OWL-ch"]
[White "Soelter, Reinhold"]
[Black "Schaffarczyk, Andre"]
[Site "Lieme"]
[Round "4"]
[Result "1/2-1/2"]
[Date "2002.??.??"]
[WhiteElo "2061"]
[BlackElo "2073"]
[PlyCount "105"]
[EventDate "2002.04.03"]
[EventType "tourn"]
[EventRounds "7"]
[EventCountry "GER"]
[SourceTitle "EXT 2022"]
[Source "ChessBase"]
[SourceDate "2021.10.06"]
[SourceVersion "1"]
[SourceVersionDate "2021.10.06"]
[SourceQuality "1"]

1. c4 e5 2. d3 Nc6 3. Nf3 f5 4. Nc3 Nf6 5. g3 g6 6. Bg2 Bg7 7. 0-0 0-0 8. Rb1 d6 9. b4 h6 10. b5 Ne7 11. c5 Be6 12. cxd6 cxd6 13. a4 Rc8 14. Bd2 d5 15. e3 Nd7 16. Ne2 g5 17. Bb4 Rf7 18. Rc1 Rxc1 19. Qxc1 Ng6 20. Re1 h5 21. e4 f4 22. exd5 Bg4 23. Nc3 fxg3 24. hxg3 Bxf3 25. Ne4 Bxg2 26. Kxg2 Bf6 27. d6 h4 28. Qc4 Ndf8 29. Rc1 g4 30. Rc2 hxg3 31. fxg3 Kg7 32. Qc8 Qxc8 33. Rxc8 Ne6 34. Re8 Ngf8 35. d7 Rxd7 36. Bxf8+ Nxf8 37. Nxf6 Kxf6 38. Rxf8+ Kg7 39. Re8 Kf6 40. Rf8+ Ke7 41. Rg8 Rd4 42. Rg7+ Ke6 43. Rxb7 Rxd3 44. Rxa7 Rd2+ 45. Kf1 Rb2 46. Rg7 Kf5 47. Ke1 e4 48. Rf7+ Ke5 49. Rf2 Rb3 50. Ra2 Kd5 51. Kf2 Rf3+ 52. Kg2 Rb3 53. a5 1/2-1/2

[Event "GER-chT Seniors 10th"]
[White "Soelter, Reinhold"]
[Black "Schueler, Wolfgang"]
[Site "Rheda Wiedenbrueck"]
[Round "5.2"]
[Result "1-0"]
[Date "2001.08.16"]
[WhiteElo "2028"]
[BlackElo "2081"]
[PlyCount "43"]
[EventDate "2001.08.12"]
[EventType "team-tourn"]
[EventRounds "7"]
[EventCountry "GER"]
[SourceTitle "EXT 2002"]
[Source "ChessBase"]
[SourceDate "2001.11.25"]
[SourceVersion "1"]
[SourceVersionDate "2001.11.25"]
[SourceQuality "1"]
[WhiteTeam "NRW Seniors III"]
[BlackTeam "Berlin Seniors II"]
[WhiteTeamCountry "GER"]
[BlackTeamCountry "GER"]

1. e4 e5 2. Nc3 Nc6 3. f4 exf4 4. Nf3 d6 5. Bb5 Bd7 6. d4 g5 7. 0-0 Bg7 8. Ne2 h6 9. c3 Nge7 10. g3 g4 11. Nxf4 gxf3 12. Nh5 0-0 13. Nxg7 Kxg7 14. Qxf3 Ng8 15. Qh5 Qe8 16. Bxh6+ Nxh6 17. Qg5+ Kh7 18. Rf6 Ng8 19. e5 Nxe5 20. dxe5 Qxe5 21. Bd3+ Kh8 22. Rh6+ 1-0

[Event "GER-chT Seniors 10th"]
[White "Hoeschele, Hans Ulrich"]
[Black "Soelter, Reinhold"]
[Site "Rheda Wiedenbrueck"]
[Round "1.2"]
[Result "0-1"]
[Date "2001.08.12"]
[WhiteElo "2187"]
[BlackElo "2028"]
[PlyCount "116"]
[EventDate "2001.08.12"]
[EventType "team-tourn"]
[EventRounds "7"]
[EventCountry "GER"]
[SourceTitle "EXT 2002"]
[Source "ChessBase"]
[SourceDate "2001.11.25"]
[SourceVersion "1"]
[SourceVersionDate "2001.11.25"]
[SourceQuality "1"]
[WhiteTeam "Wuerttemberg Seniors II"]
[BlackTeam "NRW Seniors III"]
[WhiteTeamCountry "GER"]
[BlackTeamCountry "GER"]

1. c4 Nf6 2. Nf3 e6 3. d3 d5 4. Nbd2 Nc6 5. g3 Bb4 6. cxd5 exd5 7. Bg2 0-0 8. 0-0 Re8 9. a3 Bf8 10. b4 a5 11. b5 Nb8 12. Bb2 a4 13. Nd4 Bc5 14. N2f3 Bg4 15. Qc2 Nbd7 16. Rfe1 Bb6 17. Bc3 Bh5 18. Qb2 Bg6 19. Bh3 Nf8 20. Nh4 N6d7 21. Nhf5 f6 22. Ne3 Ne5 23. Bg2 Bf7 24. Qd2 c5 25. bxc6 bxc6 26. Nd1 c5 27. Nc2 d4 28. Bb2 Ba5 29. Qc1 Nxd3 30. exd3 Bxe1 31. Nde3 dxe3 32. Qxe1 exf2+ 33. Qxf2 Rb8 34. Ne1 Ng6 35. Bc6 Re6 36. Be4 Reb6 37. Bc3 Rb3 38. Qxc5 Rc8 39. Ba5 Qd7 40. Qf2 Ne5 41. Bb4 Be6 42. Rd1 f5 43. Bg2 Ng4 44. Qb6 Bd5 45. Qd4 Nf6 46. Nf3 Rc2 47. Bh1 Bxf3 48. Qxd7 Nxd7 49. Bxf3 Nf6 50. Rf1 Rbb2 51. h3 Kf7 52. Re1 g5 53. d4 g4 54. hxg4 fxg4 55. Bh1 Rxb4 56. axb4 a3 57. Bg2 a2 58. Ra1 Ke6 0-1